[Event "ODJM B 2015"]
[Site "Willingen GER"]
[Date "2015.05.28"]
[Round "7"]
[White "Rößl, Adam"]
[Black "Reyher, Bastian"]
[Result "1-0"]
[Termination "normal"]
[Board "25"]
[WhiteElo "1230"]
[BlackElo "1084"]
[PlyCount "45"]
[WhiteFideId "16246047"]
[BlackFideId "12927465"]
[EventCountry "GER"]
[EventRounds "9"]
[EventType "swiss"]
[EventDate "2015.05.23"]

1. e4 e5 2. Nf3 Nc6 3. Bc4 Bc5 4. c3 Nf6 5. d4 exd4 6. cxd4 Bb4+ 7. Nc3 Nxe4 8.
O-O Qe7 9. Re1 O-O 10. Rxe4 Qf6 11. Bg5 Qg6 12. Re1 d6 13. Qb3 Na5 14. Qxb4 b6
15. Nd5 Nc6 16. Qa4 Bd7 17. Bb5 Kh8 18. Bxc6 Bxc6 19. Qxc6 Rac8 20. Ne7 Qd3 21.
Nxc8 Rxc8 22. Re8+ Rxe8 23. Qxe8# 1-0

[Event "ODJM B 2015"]
[Site "Willingen GER"]
[Date "2015.05.28"]
[Round "7"]
[White "Theile, Cedric"]
[Black "Straßburg, Robin"]
[Result "0-1"]
[Termination "normal"]
[Board "26"]
[WhiteElo "1116"]
[BlackElo "1028"]
[PlyCount "112"]
[WhiteFideId "16283228"]
[BlackFideId "16210018"]
[EventCountry "GER"]
[EventRounds "9"]
[EventType "swiss"]
[EventDate "2015.05.23"]

1. e4 e5 2. Nf3 Nc6 3. Bc4 Bc5 4. Nc3 Nf6 5. d3 d6 6. h3 h6 7. Bd2 Be6 8. Bxe6
fxe6 9. O-O Qe7 10. Qe2 O-O-O 11. Be3 Bb6 12. Bxb6 axb6 13. a3 g5 14. Nh2 Rdg8
15. Nb5 h5 16. f3 Rg7 17. g4 hxg4 18. hxg4 Rgh7 19. Rf2 Rh6 20. Rg2 d5 21. Qf2
d4 22. c3 Qd7 23. Rd1 Rh3 24. Qd2 Qg7 25. Qf2 Nd7 26. Kf1 Qh7 27. Kg1 Nc5 28.
b4 Na4 29. Rc1 Nxc3 30. Nxc3 dxc3 31. Rxc3 Nd4 32. Rc1 Nxf3+ 33. Kf1 Nxh2+ 34.
Ke2 Qd7 35. Rc3 Qd4 36. Qxd4 exd4 37. Rf2 dxc3 38. Kd1 Rxd3+ 39. Kc2 Rd2+ 40.
Rxd2 cxd2 41. Kxd2 Rh3 42. a4 Kd7 43. Ke2 Rf3 44. e5 Kc6 45. a5 bxa5 46. bxa5
Kd5 47. Ke1 Kd4 48. Ke2 c6 49. Kd2 Rf2+ 50. Ke1 Ke3 51. Kd1 Rg2 52. Kc1 Kd3 53.
a6 bxa6 54. Kb1 Kc3 55. Ka1 Kb3 56. Kb1 Rg1# 0-1

[Event "ODJM B 2015"]
[Site "Willingen GER"]
[Date "2015.05.28"]
[Round "7"]
[White "Kalina, Joshua"]
[Black "Grey, Anna"]
[Result "1-0"]
[Termination "normal"]
[Board "28"]
[WhiteElo "1298"]
[BlackElo "853"]
[PlyCount "85"]
[BlackFideId "16226917"]
[EventCountry "GER"]
[EventRounds "9"]
[EventType "swiss"]
[EventDate "2015.05.23"]

1. d4 d5 2. Nf3 Nf6 3. e3 Bg4 4. Nbd2 e6 5. Bd3 Bb4 6. c3 Bd6 7. O-O O-O 8. e4
c6 9. e5 Be7 10. exf6 Bxf6 11. Qc2 g6 12. h3 Bxf3 13. Nxf3 Bg7 14. Be3 Nd7 15.
Rfe1 Re8 16. Bf4 Nf6 17. Bg3 b5 18. Ne5 Rc8 19. Nf3 a6 20. b3 Qb6 21. Rab1 Nh5
22. Bd6 Qd8 23. Be5 Bf8 24. Bh2 Bg7 25. Be5 Bf8 26. c4 Ng7 27. cxd5 exd5 28.
Rbc1 Qd7 29. Bg3 f6 30. Rxe8 Qxe8 31. Re1 Qd7 32. a4 Be7 33. Rc1 Ba3 34. Rb1
Bb4 35. axb5 axb5 36. Nh2 c5 37. dxc5 Rxc5 38. Qe2 Ne8 39. Ng4 Kg7 40. Kh2 Qc6
41. Qe7+ Kg8 42. Nh6+ Kh8 43. Qf8# 1-0

[Event "ODJM B 2015"]
[Site "Willingen GER"]
[Date "2015.05.28"]
[Round "7"]
[White "Reichel, Sara"]
[Black "Arnold, Alexandria"]
[Result "0-1"]
[Termination "normal"]
[Board "29"]
[WhiteElo "866"]
[BlackElo "1174"]
[PlyCount "50"]
[WhiteFideId "16245130"]
[BlackFideId "16205383"]
[EventCountry "GER"]
[EventRounds "9"]
[EventType "swiss"]
[EventDate "2015.05.23"]

1. e4 e5 2. Nf3 Nc6 3. Bc4 Bc5 4. d4 exd4 5. Ng5 Ne5 6. Nxf7 Nxf7 7. Bxf7+ Kxf7
8. Qh5+ g6 9. Qxc5 Qe7 10. Qxd4 Nf6 11. f3 d5 12. Nc3 Rd8 13. e5 Bf5 14. Bg5
Re8 15. f4 c6 16. O-O c5 17. Nxd5 Nxd5 18. Qxd5+ Be6 19. Bxe7 Bxd5 20. Bxc5
Rec8 21. b4 b6 22. Bf2 Rxc2 23. Rfc1 Rac8 24. Be3 Rxg2+ 25. Kh1 Rg3# 0-1

[Event "ODJM B 2015"]
[Site "Willingen GER"]
[Date "2015.05.28"]
[Round "7"]
[White "Raasch, Hauke"]
[Black "Prudlik, Finn Olmse"]
[Result "1/2-1/2"]
[Termination "normal"]
[Board "31"]
[WhiteElo "1107"]
[BlackElo "948"]
[PlyCount "69"]
[WhiteFideId "16210034"]
[BlackFideId "16209923"]
[EventCountry "GER"]
[EventRounds "9"]
[EventType "swiss"]
[EventDate "2015.05.23"]

1. d4 c5 2. c3 cxd4 3. cxd4 Nf6 4. Nf3 g6 5. e3 Bg7 6. Bd3 d5 7. Nbd2 Bf5 8.
Bxf5 gxf5 9. O-O O-O 10. Ne5 Nc6 11. f4 Nxe5 12. fxe5 Ne4 13. Rxf5 Qc8 14. Rf1
Ng5 15. Nf3 Ne6 16. Nd2 Bh6 17. Qg4+ Bg7 18. e4 Nxd4 19. Qxc8 Raxc8 20. exd5
Bxe5 21. Nf3 Nxf3+ 22. Rxf3 e6 23. Bh6 Rfe8 24. dxe6 fxe6 25. Re1 Bxb2 26. Rg3+
Kh8 27. Rb3 Bd4+ 28. Be3 Bxe3+ 29. Rexe3 Rf8 30. Rb1 Rfe8 31. Rh3 b6 32. Rbb3
Rc2 33. Ra3 Rg8 34. g4 Rd8 35. Kf1 1/2-1/2

[Event "ODJM B 2015"]
[Site "Willingen GER"]
[Date "2015.05.28"]
[Round "7"]
[White "Voltmer, Victor"]
[Black "Bakalarz, Adrian"]
[Result "1-0"]
[Termination "normal"]
[Board "32"]
[WhiteElo "1104"]
[BlackElo "797"]
[PlyCount "101"]
[BlackFideId "12955809"]
[EventCountry "GER"]
[EventRounds "9"]
[EventType "swiss"]
[EventDate "2015.05.23"]

1. e4 d5 2. exd5 c6 3. dxc6 Nxc6 4. Nc3 e5 5. Bb5 Bd6 6. Bxc6+ bxc6 7. Nf3 e4
8. Qe2 Nf6 9. Nxe4 Nxe4 10. Qxe4+ Be7 11. O-O O-O 12. Qxc6 Bd7 13. Qe4 Bb5 14.
d3 Rc8 15. c4 Bc6 16. Qe3 Bd6 17. Nd4 Qh4 18. h3 Qh5 19. Nxc6 Rxc6 20. Qg5 Qe2
21. Qd2 Qe5 22. g3 Qh5 23. Kg2 Bc5 24. b3 Rh6 25. Rh1 Rf6 26. Rf1 Rh6 27. h4
Bd4 28. Bb2 Bxb2 29. Qxb2 Re8 30. Rae1 Rhe6 31. Rxe6 Rxe6 32. Qd4 h6 33. Qc3
Qe5 34. Qxe5 Rxe5 35. Rd1 Ra5 36. Ra1 Ra3 37. Kf3 h5 38. Ke4 g6 39. Kd5 Ra5+
40. c5 f5 41. Kd6 Kf8 42. a4 Ke8 43. Rc1 Kd8 44. c6 Kc8 45. c7 a6 46. Kc6 Re5
47. Rf1 Re2 48. d4 Rd2 49. d5 Rd3 50. Re1 Rxb3 51. Re8# 1-0

[Event "ODJM B 2015"]
[Site "Willingen GER"]
[Date "2015.05.28"]
[Round "7"]
[White "Rößl, Mira"]
[Black "Burdot, Clara"]
[Result "0-1"]
[Termination "normal"]
[Board "33"]
[WhiteElo "721"]
[BlackElo "1046"]
[PlyCount "50"]
[BlackFideId "4004779"]
[EventCountry "GER"]
[EventRounds "9"]
[EventType "swiss"]
[EventDate "2015.05.23"]

1. e4 d5 2. Nc3 d4 3. Nd5 e6 4. Nf4 e5 5. Nd3 Nc6 6. b3 Nf6 7. Qf3 Bd6 8. c3
O-O 9. Ne2 dxc3 10. Nxc3 Nd4 11. Qe3 Nc2+ 12. Kd1 Nxe3+ 13. dxe3 Bb4 14. Bd2
Bxc3 15. Bxc3 Ng4 16. Be2 Nxf2+ 17. Kd2 Nxh1 18. Rxh1 f5 19. Bf3 fxe4 20. Bxe4
Bf5 21. Bxe5 Bxe4 22. Bd4 Bxd3 23. Kxd3 c5 24. Kc4 cxd4 25. exd4 Rc8+ 0-1

[Event "ODJM B 2015"]
[Site "Willingen GER"]
[Date "2015.05.28"]
[Round "7"]
[White "Winkin, Jos"]
[Black "Jacoby, Angelina"]
[Result "0-1"]
[Termination "normal"]
[Board "34"]
[WhiteElo "913"]
[BlackElo "886"]
[PlyCount "44"]
[WhiteFideId "4004795"]
[BlackFideId "12999008"]
[EventCountry "GER"]
[EventRounds "9"]
[EventType "swiss"]
[EventDate "2015.05.23"]

1. e4 d5 2. exd5 Qxd5 3. Nc3 Qa5 4. d4 c6 5. Nf3 Bf5 6. Bc4 e6 7. Bd2 Qc7 8.
Qe2 Be7 9. O-O-O Nf6 10. Rhe1 Nbd7 11. Bg5 Bb4 12. Qe3 O-O 13. h3 b5 14. Bb3 a5
15. a3 Bd6 16. Kb1 b4 17. Na4 bxa3 18. bxa3 Bxa3 19. Ka2 Be7 20. Bf4 Qb7 21.
Rb1 Qb4 22. Nc3 Qa3# 0-1

[Event "ODJM B 2015"]
[Site "Willingen GER"]
[Date "2015.05.28"]
[Round "7"]
[White "Nagel, Philipp"]
[Black "Schott, Jan"]
[Result "0-1"]
[Termination "normal"]
[Board "36"]
[WhiteElo "761"]
[BlackElo "907"]
[PlyCount "42"]
[WhiteFideId "12994715"]
[EventCountry "GER"]
[EventRounds "9"]
[EventType "swiss"]
[EventDate "2015.05.23"]

1. d4 d5 2. Bf4 Nf6 3. f3 g6 4. Nc3 Bg7 5. Qd2 Bf5 6. e3 Nc6 7. g4 Bc8 8. g5
Nd7 9. Nxd5 Nb6 10. Nxc7+ Kf8 11. Nxa8 Nxa8 12. O-O-O Be6 13. h4 Nb6 14. h5 Kg8
15. h6 Bf8 16. Bh3 Bxh3 17. Rxh3 e6 18. Ne2 Qd5 19. e4 Qxa2 20. Qc3 Bb4 21. Qb3
Qa1# 0-1

[Event "ODJM B 2015"]
[Site "Willingen GER"]
[Date "2015.05.29"]
[Round "8"]
[White "Wachinger, Nikolas"]
[Black "Thumm, Niklas"]
[Result "1/2-1/2"]
[Termination "normal"]
[Board "1"]
[WhiteElo "1299"]
[BlackElo "1510"]
[WhiteClock "00:16:52"]
[BlackClock "00:19:33"]
[PlyCount "46"]
[WhiteFideId "12962791"]
[BlackFideId "12918733"]
[EventCountry "GER"]
[EventRounds "9"]
[EventType "swiss"]
[EventDate "2015.05.23"]

1. e4 a6 2. d4 b5 3. a3 Bb7 4. Nc3 e6 5. Bd3 c5 6. Be3 c4 7. Be2 Nf6 8. f3 Be7
9. Nh3 O-O 10. Nf2 Qc7 11. Qd2 d6 12. O-O Rd8 13. Rfc1 Nbd7 14. b3 Nb6 15. a4
b4 16. Ncd1 c3 17. Qe1 Nfd7 18. Nd3 a5 19. Qg3 Nf8 20. N1f2 Nbd7 21. h4 Nf6 22.
Ng4 Kh8 23. Nxf6 Bxf6 1/2-1/2

[Event "ODJM B 2015"]
[Site "Willingen GER"]
[Date "2015.05.29"]
[Round "8"]
[White "Morio, Estelle"]
[Black "Arnold, Leander"]
[Result "1/2-1/2"]
[Termination "normal"]
[Board "2"]
[WhiteElo "1685"]
[BlackElo "1562"]
[WhiteClock "00:19:06"]
[BlackClock "00:33:52"]
[PlyCount "50"]
[WhiteFideId "12951951"]
[BlackFideId "12990230"]
[EventCountry "GER"]
[EventRounds "9"]
[EventType "swiss"]
[EventDate "2015.05.23"]

1. f4 Nf6 2. Nf3 e6 3. b3 Be7 4. Bb2 b6 5. e3 Bb7 6. Be2 d6 7. O-O O-O 8. Qe1
Nc6 9. d3 Nd5 10. Qd2 Bf6 11. Bxf6 Nxf6 12. Nc3 d5 13. Nb5 a6 14. Nbd4 Ne7 15.
Bd1 c5 16. Ne2 b5 17. Ne5 Ng6 18. Nxg6 fxg6 19. Ng3 d4 20. e4 Qb6 21. Bf3 Rae8
22. Rab1 b4 23. Ra1 a5 24. a3 Ra8 25. a4 Rae8 1/2-1/2

[Event "ODJM B 2015"]
[Site "Willingen GER"]
[Date "2015.05.29"]
[Round "8"]
[White "Rose, Luis Stratos"]
[Black "Kose, Robert Paul"]
[Result "1/2-1/2"]
[Termination "normal"]
[Board "3"]
[WhiteElo "1385"]
[BlackElo "1453"]
[WhiteClock "00:13:13"]
[BlackClock "00:09:33"]
[PlyCount "47"]
[WhiteFideId "12976008"]
[BlackFideId "12982067"]
[EventCountry "GER"]
[EventRounds "9"]
[EventType "swiss"]
[EventDate "2015.05.23"]

1. Nf3 d5 2. g3 Bf5 3. d3 Nf6 4. Bg2 e6 5. Nbd2 Be7 6. O-O c6 7. a3 a5 8. b3
Nbd7 9. Bb2 O-O 10. Qe1 h6 11. e4 dxe4 12. Nxe4 Nxe4 13. dxe4 Bh7 14. Rd1 Qc7
15. Qe2 Rfd8 16. Nd2 b5 17. f4 Nc5 18. f5 exf5 19. exf5 Re8 20. Qf3 Rac8 21.
Bxg7 Kxg7 22. f6+ Kg8 23. fxe7 Qxe7 24. Qg4+ 1/2-1/2

[Event "ODJM B 2015"]
[Site "Willingen GER"]
[Date "2015.05.29"]
[Round "8"]
[White "Yi, Wendy"]
[Black "Von Jan, Lena"]
[Result "1/2-1/2"]
[Termination "normal"]
[Board "4"]
[WhiteElo "1401"]
[BlackElo "1364"]
[WhiteClock "01:12:43"]
[BlackClock "00:06:38"]
[PlyCount "45"]
[WhiteFideId "16224850"]
[BlackFideId "12946060"]
[EventCountry "GER"]
[EventRounds "9"]
[EventType "swiss"]
[EventDate "2015.05.23"]

1. e4 e5 2. Nf3 Nc6 3. Bc4 Bc5 4. d3 d6 5. Nc3 Nf6 6. Bg5 Be6 7. Nd5 Bxd5 8.
Bxd5 Bb6 9. c3 h6 10. Bxf6 Qxf6 11. Qa4 Kd7 12. O-O h5 13. d4 exd4 14. cxd4 h4
15. h3 g5 16. Rac1 g4 17. Bxc6+ bxc6 18. Qxc6+ Ke7 19. e5 dxe5 20. Qxf6+ Kxf6
21. Nxe5 gxh3 22. Nd7+ Kf5 23. Nxb6 1/2-1/2

[Event "ODJM B 2015"]
[Site "Willingen GER"]
[Date "2015.05.29"]
[Round "8"]
[White "Kublanov, Carolin"]
[Black "Zimmer, Luca"]
[Result "1-0"]
[Termination "normal"]
[Board "5"]
[WhiteElo "1607"]
[BlackElo "1496"]
[WhiteClock "00:48:37"]
[BlackClock "00:30:29"]
[PlyCount "57"]
[WhiteFideId "12944548"]
[BlackFideId "12921424"]
[EventCountry "GER"]
[EventRounds "9"]
[EventType "swiss"]
[EventDate "2015.05.23"]

1. d4 d5 2. Nf3 e6 3. e3 f5 4. Ne5 Bd6 5. Qh5+ g6 6. Nxg6 Nf6 7. Qh3 Rg8 8. Ne5
Nbd7 9. f4 Qe7 10. Nc3 Qg7 11. Bd2 Ne4 12. Qh5+ Ke7 13. O-O-O Ndf6 14. Qh4 Bd7
15. Rg1 h5 16. Be2 Rh8 17. Rdf1 Rag8 18. Rf3 Ke8 19. Nxe4 Nxe4 20. Rh3 Nf6 21.
Rg3 Qh6 22. Rg5 Ke7 23. Bxh5 Be8 24. Rxg8 Rxg8 25. g4 Bxh5 26. g5 Qh7 27. gxf6+
Ke8 28. Rxg8+ Qxg8 29. Qxh5+ 1-0

[Event "ODJM B 2015"]
[Site "Willingen GER"]
[Date "2015.05.29"]
[Round "8"]
[White "Zell, Mirjam"]
[Black "Grunert, Friedrich"]
[Result "0-1"]
[Termination "normal"]
[Board "6"]
[WhiteElo "1336"]
[BlackElo "1492"]
[WhiteClock "00:13:51"]
[BlackClock "00:54:13"]
[PlyCount "96"]
[WhiteFideId "16208544"]
[BlackFideId "12995592"]
[EventCountry "GER"]
[EventRounds "9"]
[EventType "swiss"]
[EventDate "2015.05.23"]

1. e4 e6 2. d4 d5 3. Nd2 c5 4. exd5 exd5 5. dxc5 Bxc5 6. Ngf3 Nf6 7. Nb3 Bb6 8.
Be2 h6 9. O-O O-O 10. c3 Nc6 11. Bf4 Bf5 12. Nfd4 Bg6 13. Bf3 Ne4 14. Be3 Ne5
15. Bh5 Bc7 16. Bf4 Qh4 17. Bxg6 Qxf4 18. g3 Qg5 19. Bf5 Rae8 20. f4 Qe7 21.
fxe5 Qxe5 22. Nc5 Nxc5 23. Bh3 Ne4 24. Rf5 Qd6 25. Bf1 Nxg3 26. Rf2 Nxf1 27.
Qxf1 Re4 28. Qg2 Rfe8 29. Raf1 Qg6 30. Qxg6 fxg6 31. Kh1 Bb6 32. Rd2 Re1 33.
Kg2 Bxd4 34. cxd4 R8e2+ 35. Rxe2 Rxe2+ 36. Rf2 Rxf2+ 37. Kxf2 Kf7 38. Kf3 Ke6
39. a4 Kf5 40. h3 g5 41. b3 h5 42. Kg3 a5 43. Kf3 g4+ 44. hxg4+ hxg4+ 45. Kg3
g5 46. Kf2 Kf4 47. Kg2 g3 48. Kf1 Kf3 0-1

[Event "ODJM B 2015"]
[Site "Willingen GER"]
[Date "2015.05.29"]
[Round "8"]
[White "Schluckner, Paul-Leopold"]
[Black "Caliebe, Nanke"]
[Result "0-1"]
[Termination "normal"]
[Board "7"]
[WhiteElo "1404"]
[BlackElo "1502"]
[PlyCount "96"]
[WhiteFideId "12952168"]
[BlackFideId "12980528"]
[EventCountry "GER"]
[EventRounds "9"]
[EventType "swiss"]
[EventDate "2015.05.23"]

1. e4 e5 2. Nf3 Nc6 3. Bc4 Bc5 4. c3 Nf6 5. d4 exd4 6. cxd4 Bb4+ 7. Nc3 Nxe4 8.
O-O Bxc3 9. d5 Bf6 10. Re1 Ne7 11. Rxe4 d6 12. Bg5 Bxg5 13. Nxg5 h6 14. Qe2
hxg5 15. Re1 Be6 16. dxe6 f6 17. Re3 c6 18. Rh3 Rxh3 19. gxh3 g6 20. Qf3 Qa5
21. Rd1 Qf5 22. Qg3 d5 23. Bd3 Qxe6 24. Kf1 Kf7 25. Re1 Qd7 26. Kg2 Rh8 27. Qg4
Qxg4+ 28. hxg4 a6 29. b4 Nc8 30. a4 Nb6 31. b5 axb5 32. axb5 Nd7 33. bxc6 bxc6
34. Rc1 Ne5 35. Be2 Rc8 36. Kg3 c5 37. f4 gxf4+ 38. Kxf4 d4 39. Bc4+ Nxc4 40.
Rxc4 Ke6 41. Ke4 Kd6 42. Rc1 Re8+ 43. Kd3 Kd5 44. Rf1 c4+ 45. Kc2 d3+ 46. Kc3
Re2 47. Rxf6 Kc5 48. Rxg6 Rc2# 0-1

[Event "ODJM B 2015"]
[Site "Willingen GER"]
[Date "2015.05.29"]
[Round "8"]
[White "Lange, Cecilia"]
[Black "Lommel, Hagen"]
[Result "1/2-1/2"]
[Termination "normal"]
[Board "8"]
[WhiteElo "1597"]
[BlackElo "1561"]
[PlyCount "52"]
[WhiteFideId "12976040"]
[BlackFideId "12972380"]
[EventCountry "GER"]
[EventRounds "9"]
[EventType "swiss"]
[EventDate "2015.05.23"]

1. e4 c5 2. Nf3 e6 3. d4 cxd4 4. Nxd4 Nc6 5. Be2 d6 6. O-O Nf6 7. Nc3 Be7 8.
Be3 a6 9. Qd2 Qc7 10. Rfd1 O-O 11. Nxc6 bxc6 12. b3 Bb7 13. f3 d5 14. exd5 cxd5
15. Na4 e5 16. c3 Rab8 17. Rac1 Nd7 18. Kh1 Nc5 19. Nxc5 Bxc5 20. Bxc5 Qxc5 21.
Bf1 Rfe8 22. Re1 Rbd8 23. Qg5 h6 24. Qf5 Qd6 25. Rcd1 Qc7 26. Qd3 Rc8 1/2-1/2

[Event "ODJM B 2015"]
[Site "Willingen GER"]
[Date "2015.05.29"]
[Round "8"]
[White "Hoppe, Nico"]
[Black "Tham, Nam"]
[Result "0-1"]
[Termination "normal"]
[Board "9"]
[WhiteElo "1086"]
[BlackElo "1547"]
[PlyCount "66"]
[WhiteFideId "16225520"]
[BlackFideId "12997331"]
[EventCountry "GER"]
[EventRounds "9"]
[EventType "swiss"]
[EventDate "2015.05.23"]

1. e4 e5 2. Nf3 Nc6 3. Bc4 Bc5 4. c3 Nf6 5. d4 exd4 6. e5 d5 7. Be2 Nd7 8. cxd4
Bb4+ 9. Nc3 O-O 10. O-O Nb6 11. h3 Bxc3 12. bxc3 h6 13. Be3 Be6 14. Qc1 h5 15.
Kh1 Re8 16. Rg1 Qd7 17. Nh4 Bg4 18. f3 Be6 19. g4 hxg4 20. fxg4 Nc4 21. Bf4 a6
22. g5 Bf5 23. g6 fxg6 24. Nxg6 Be4+ 25. Rg2 Bxg2+ 26. Kxg2 Qf5 27. Nh4 Qe4+
28. Bf3 Qh7 29. Bxd5+ Kh8 30. Bg5 Nb6 31. Bf7 Qe4+ 32. Kf2 Rf8 33. Ng6+ Qxg6
0-1

[Event "ODJM B 2015"]
[Site "Willingen GER"]
[Date "2015.05.29"]
[Round "8"]
[White "Petri, Ben-Luca"]
[Black "Kotyk, Michael"]
[Result "1-0"]
[Termination "normal"]
[Board "10"]
[WhiteElo "1481"]
[BlackElo "1296"]
[PlyCount "135"]
[WhiteFideId "12947261"]
[BlackFideId "16214501"]
[EventCountry "GER"]
[EventRounds "9"]
[EventType "swiss"]
[EventDate "2015.05.23"]

1. e4 e5 2. Nf3 Nc6 3. Bb5 Nf6 4. O-O d6 5. Re1 a6 6. Bxc6+ bxc6 7. d4 exd4 8.
Nxd4 Bb7 9. e5 dxe5 10. Rxe5+ Be7 11. Nc3 O-O 12. Bg5 h6 13. Bh4 Re8 14. Bg3
Bd6 15. Rxe8+ Qxe8 16. Qe1 Qxe1+ 17. Rxe1 Re8 18. Rxe8+ Nxe8 19. Kf1 c5 20. Nb3
Bxg3 21. hxg3 c4 22. Na5 Nd6 23. Nxb7 Nxb7 24. Ke2 f5 25. Nd5 c5 26. Ne7+ Kf7
27. Nxf5 Kf6 28. Ne3 Nd6 29. f3 Ke5 30. Kd2 Kd4 31. c3+ Ke5 32. b3 cxb3 33.
axb3 a5 34. Kd3 Ke6 35. g4 g5 36. Nc4 Nb7 37. Ke4 Nd6+ 38. Nxd6 Kxd6 39. Kd3
Kd5 40. g3 Kc6 41. Kc4 Kd6 42. Kb5 Kd5 43. Kxa5 c4 44. Kb4 cxb3 45. Kxb3 Kc5
46. f4 Kd6 47. f5 Ke5 48. Kc4 h5 49. gxh5 Kxf5 50. g4+ Kxg4 51. h6 Kf3 52. h7
g4 53. h8=Q g3 54. Qg7 g2 55. Qxg2+ Kxg2 56. Kd5 Kf3 57. c4 Kf4 58. c5 Kf5 59.
c6 Kf6 60. c7 Kf5 61. c8=Q+ Kf4 62. Qe8 Kf5 63. Qf7+ Kg4 64. Ke4 Kg5 65. Qf5+
Kh4 66. Qg6 Kh3 67. Kf3 Kh2 68. Qg2# 1-0

[Event "ODJM B 2015"]
[Site "Willingen GER"]
[Date "2015.05.29"]
[Round "8"]
[White "Fromm, Johannes"]
[Black "Frohnhäuser, Simon"]
[Result "0-1"]
[Termination "normal"]
[Board "11"]
[WhiteElo "1454"]
[BlackElo "1548"]
[PlyCount "106"]
[WhiteFideId "12993204"]
[BlackFideId "16208528"]
[EventCountry "GER"]
[EventRounds "9"]
[EventType "swiss"]
[EventDate "2015.05.23"]

1. b4 c6 2. Bb2 a5 3. bxa5 Qxa5 4. Nc3 d5 5. Nf3 Bf5 6. Nd4 Bg6 7. Nb3 Qc7 8.
e3 Nf6 9. Be2 Nbd7 10. O-O e5 11. d4 exd4 12. Nxd4 Bd6 13. Nf3 O-O 14. Bd3 Ne5
15. Bxg6 Nxg6 16. Ne2 Ne4 17. Ng3 Nxg3 18. hxg3 Ne5 19. Nxe5 Bxe5 20. Bxe5 Qxe5
21. Qd4 Qxd4 22. exd4 Ra4 23. c3 Rfa8 24. Rfb1 b5 25. Rb2 Ra3 26. Rc2 Kf8 27.
Kf1 Ke7 28. Ke2 Ke6 29. Kd3 b4 30. Re1+ Kd6 31. Ree2 bxc3 32. f3 R8a4 33. g4
Rc4 34. g3 Raa4 35. Re8 Rxd4+ 36. Kxc3 Rac4+ 37. Kb3 Rd3+ 38. Kb2 Rb4+ 39. Kc1
Rxf3 40. Ra8 Rf1+ 41. Kd2 Rf2+ 42. Kd1 Rb1+ 43. Rc1 Rf1+ 44. Kd2 Rfxc1 45. a4
Ra1 46. a5 Rcb1 47. a6 Ra2+ 48. Kc3 Rba1 49. Rf8 Rxa6 50. Rxf7 R1a3+ 51. Kd2
Rxg3 52. Rxg7 Ra2+ 53. Kd1 Rg1# 0-1

[Event "ODJM B 2015"]
[Site "Willingen GER"]
[Date "2015.05.29"]
[Round "8"]
[White "Pahl, Theis"]
[Black "Ning, Felix"]
[Result "1-0"]
[Termination "normal"]
[Board "12"]
[WhiteElo "1570"]
[BlackElo "1507"]
[PlyCount "87"]
[WhiteFideId "16201264"]
[BlackFideId "12988553"]
[EventCountry "GER"]
[EventRounds "9"]
[EventType "swiss"]
[EventDate "2015.05.23"]

1. e4 c5 2. Nf3 Nc6 3. d4 cxd4 4. Nxd4 g6 5. Nc3 Bg7 6. Be3 Nf6 7. Be2 Qa5 8.
O-O Qb4 9. Ndb5 O-O 10. a3 Qa5 11. b4 Qd8 12. Qd3 a6 13. Nd4 Ne5 14. Qd2 d5 15.
exd5 Nxd5 16. Nxd5 Qxd5 17. Rad1 b5 18. Nf5 Qe6 19. Nxg7 Kxg7 20. Bh6+ Kg8 21.
Bxf8 Kxf8 22. Qh6+ Ke8 23. Qxh7 f5 24. Qh8+ Kf7 25. Rd8 Nd7 26. Rxc8 Rxc8 27.
Qxc8 Qxe2 28. Qxd7 Qxc2 29. Re1 Qc3 30. Qxe7+ Kg8 31. Rd1 Qg7 32. Qxg7+ Kxg7
33. Rd6 Kh6 34. Rxa6 Kh5 35. a4 bxa4 36. b5 g5 37. Rxa4 f4 38. b6 Kg4 39. b7
Kf5 40. b8=Q g4 41. Rxf4+ Kg5 42. Qe5+ Kh4 43. g3+ Kh3 44. Qh5# 1-0

[Event "ODJM B 2015"]
[Site "Willingen GER"]
[Date "2015.05.29"]
[Round "8"]
[White "Kostanyan, Hakob"]
[Black "Feil, Alexander"]
[Result "0-1"]
[Termination "normal"]
[Board "14"]
[WhiteElo "1532"]
[BlackElo "1378"]
[PlyCount "42"]
[WhiteFideId "12977683"]
[BlackFideId "4002954"]
[EventCountry "GER"]
[EventRounds "9"]
[EventType "swiss"]
[EventDate "2015.05.23"]

1. e4 d5 2. exd5 c6 3. Nf3 cxd5 4. d4 Nf6 5. Nc3 Bf5 6. Bf4 e6 7. Bb5+ Nc6 8.
h3 Bb4 9. Qd2 Ne4 10. Qe3 Qa5 11. O-O Nxc3 12. Bxc6+ bxc6 13. bxc3 Bxc3 14.
Rab1 O-O 15. Be5 f6 16. Bd6 Rfe8 17. Nh4 Bxc2 18. Rbc1 Bd2 19. Qg3 Bxc1 20.
Rxc1 Ba4 21. Rb1 Bb5 0-1

[Event "ODJM B 2015"]
[Site "Willingen GER"]
[Date "2015.05.29"]
[Round "8"]
[White "Wu, Erik"]
[Black "Leib, Amina"]
[Result "1-0"]
[Termination "normal"]
[Board "15"]
[WhiteElo "1441"]
[BlackElo "1228"]
[PlyCount "53"]
[WhiteFideId "12977489"]
[BlackFideId "12982970"]
[EventCountry "GER"]
[EventRounds "9"]
[EventType "swiss"]
[EventDate "2015.05.23"]

1. e4 e5 2. Nf3 Nc6 3. Bc4 Bc5 4. c3 Nf6 5. d4 exd4 6. cxd4 Bb4+ 7. Nc3 Nxe4 8.
O-O Bxc3 9. d5 Ne7 10. bxc3 Nd6 11. Bb3 O-O 12. Bc2 b6 13. Bxh7+ Kh8 14. Ng5 g6
15. Qf3 Nef5 16. c4 Ne8 17. Bxg6 fxg6 18. Qh3+ Kg7 19. Qh7+ Kf6 20. f4 Nfg7 21.
Re1 Nh5 22. Bb2+ Kf5 23. Re5+ Kg4 24. h3+ Kh4 25. Nf3+ Kg3 26. Qxg6+ Kxf4 27.
Qg4# 1-0

[Event "ODJM B 2015"]
[Site "Willingen GER"]
[Date "2015.05.29"]
[Round "8"]
[White "Lilienthal, Niels Bennett"]
[Black "Youness, Fatima"]
[Result "1/2-1/2"]
[Termination "normal"]
[Board "16"]
[WhiteElo "1246"]
[BlackElo "1369"]
[PlyCount "55"]
[WhiteFideId "16205421"]
[BlackFideId "16214404"]
[EventCountry "GER"]
[EventRounds "9"]
[EventType "swiss"]
[EventDate "2015.05.23"]

1. e4 e5 2. Nf3 Nc6 3. Bb5 a6 4. Ba4 Nf6 5. d3 b5 6. Bb3 Be7 7. c3 d6 8. Nbd2
Be6 9. O-O O-O 10. Re1 Na5 11. Bc2 Nd7 12. b4 Nb7 13. Nf1 Bg4 14. h3 Bh5 15.
Ng3 Bg6 16. Bb3 Kh8 17. Be3 f5 18. exf5 Bxf5 19. Nxf5 Rxf5 20. Bd5 Qc8 21. d4
c6 22. Bb3 e4 23. Nd2 d5 24. Bc2 Rf6 25. Qh5 Qe8 26. Qxe8+ Rxe8 27. f3 exf3 28.
Nxf3 1/2-1/2